| 000 | 00543 a2200193 4500 | ||
|---|---|---|---|
| 005 | 20240516113325.0 | ||
| 010 | _aB-759061 | ||
| 020 |
_a8170331389 _c375.00 |
||
| 035 | _aB-759061 | ||
| 037 | _bGift/Unesco | ||
| 082 | _a305.50954 | ||
| 100 |
_aAhuja, Ram _966273 |
||
| 245 |
_aSocial Problems in India/ _cRam Ahuja |
||
| 260 |
_aNew Delhi _bRawat Publication _c1992 |
||
| 270 | _aNew Delhi | ||
| 300 |
_a389 p. _c22cm (Hb) |
||
| 942 |
_adpl _cEN _2ddc _h305.50954 _mAHU |
||
| 999 |
_c202890 _d202890 |
||